000 01306nam a22002537a 4500
005 20080929101452.0
008 080929t xxu||||| |||| 00| 0chin d
010 _aHIN-92072
020 _a9789380870229
_c250.00
035 _aHN-64418
037 _bDBAD / PUB
040 _aDPL
_bHN
082 _a181
100 _aठाकुर अवनीन्द्रनाथ,रानी चन्दा
_926640
245 _aस्मृतियां:अवनीन्द्रनाथ,ठाकुर: घरोया /
_cअवनीन्द्रनाथ,ठाकुर ,रानी चन्दा; वीरेन्द्र नारायण सक्सेना द्वारा अनुदित
246 _aSimritiya:Avindernath Thakur:Ghroya
_bby Avindernath Thakur,Rani chandra
260 _aजयपुर
_bअनु प्रकाशन
_c2011
270 _a958, धामाणी मार्केट की गली चौडां रास्ता
_bजयपुर
_m sahityagarjpr@yahoo.co.in
_k0141-2310785,4022382,3255629
300 _a140पृ.
_c22सेमी (सजिल्द)
650 _9697
650 _9698
700 _926643
_aवीरेन्द्र नारायण सक्सेना
942 _2ddc
_cHN
_h921
_mठाकुर
999 _c51132
_d51132